=LDR 00000nam 2200000 4500 =001 NUTBA000000000005970 =990 ##$$a 21417045 =005 20250321101207 =990 ##$$a 21417042 =035 ##$$a 0010-111400000000449 =990 ##$$a 21417043 =008 250321################d##########0#ind## =990 ##$$a 21417044 =020 ##$$a 978-602-8637-33-6 =990 ##$$a 21417046 =040 ##$$a NBPDMAT =082 ##$$a 612 =090 ##$$a 612 $b Tri h =100 ##$$a Tri Rahayu =245 1#$$a Human body encyclopedia : $b Sistem predaran darah /$c Tri Rahayu =250 ##$$a Cet.1 =260 ##$$a Jakarta :$b Uranus Publishing,$c 2009 =300 ##$$a 55 hlm. : $b ilus. ; $c 21 cm. =500 ##$$a Bibliografi : hlm. 54 - 55 =650 #4$$a Tubuh Manusia =850 ##$$a NBPDMAT =084 ##$$a 612 TRI h =990 ##$$a 21417042 =990 ##$$a 21417043 =990 ##$$a 21417044 =990 ##$$a 21417045 =990 ##$$a 21417046